Hravé počty 1

Bibliographic Details
Main Authors: Brestenská, Eva, 1942- (Author), Zorádová, Viera (Author)
Other Authors: Kolačková, Jarka, 1953- (Illustrator)
Format: Book
Language:Slovak
PhysicalDescription:64 s. fareb. ilustr. 30 cm
Published: Bratislava Slovenské pedagogické nakladateľstvo 1998
ISBN:8008028335
Edition:3. vyd.
Subjects:

MARC

LEADER 00000nam a2200000 a 4500
001 vtls001333850
003 SK-MaSNL
005 20260301065943.0
008 240314s1998 xo a b p 000 0 slo
015 |a SNBA1998/10-03492 
020 |a 8008028335 
035 |a SNK000286775 
035 |a urn:nbn:sk:snk-amtjpu 
035 |a urn:nbn:sk:snk-am00c5mb 
035 |a 5DCFC5D5-31E3-437E-B4FA-C0DE9E6DB901 
040 |a SNK  |b slo  |c SNK  |e AACR2 
041 0 |a slo 
044 |a xo  |c SK 
072 7 |a 51  |x Matematika  |2 konspekt 
072 7 |a 37.016  |x Učebné osnovy. Vyučovacie predmety. Učebnice  |2 konspekt 
080 |a 51  |2 1981 
080 |a 376(075.2)  |2 1981 
100 1 |a Brestenská, Eva,  |d 1942-  |4 aut  |9 103251 
245 1 0 |a Hravé počty 1  |c [autori Eva Brestenská, Viera Zorádová] ; ilustrácie Jaroslava Kolačková 
250 |a 3. vyd. 
260 |a Bratislava  |b Slovenské pedagogické nakladateľstvo  |c 1998 
300 |a 64 s.  |b fareb. ilustr.  |c 30 cm 
500 |a Obalový názov 
500 |a Údaj o aut. prevzatý z obalu 
650 0 7 |a matematika  |2 SNKPH  |9 70174 
655 7 |a učebnice špeciálnych základných škôl  |2 SNKPH  |9 70204 
700 1 |a Zorádová, Viera  |4 aut  |9 47893 
700 1 |a Kolačková, Jarka,  |d 1953-  |4 ill  |9 8415 
919 |a 80-08-02833-5 
958 |a TL 
958 |a UX 
958 |a OND 
999 |c 632585  |d 634515 
952 |t P60, <09>, [BOOK], {629}  |a SNK  |b SNK  |y NEVYP  |7 0  |o snkB 329  |i snk1024/980617  |0 0  |1 0  |4 0  |d 1998-06-15  |l 0  |r 2005-01-02 00:00:00  |w 2026-02-23 
952 |t P60, <03>, [BOOK], {603}  |a SNK  |b SNK  |y PREZ  |7 0  |p 17A0144826  |o snkSB 59073  |i snkKSP 6233/98  |0 0  |1 0  |4 0  |d 1998-06-15  |f 1  |l 0  |r 2025-04-11 00:00:00  |w 2026-02-23 
952 |t P60, <04>, [BOOK], {604}  |a SNK  |b SNK  |y VYP  |7 0  |p 17A0144825  |o snkSB 59073 D1  |i snkKSP 6234/98  |0 0  |1 0  |4 0  |d 1998-06-15  |l 0  |r 2005-01-02 00:00:00  |w 2026-02-23